000 00687nam a2200253Ia 4500
003 OSt
005 20220918163421.0
006 a|||||r|||| 00| 0
007 ta
008 220917b |||||||| |||| 00| 0 eng d
020 _a0 7131 6427 1
024 _a24,734
037 _cTextual
040 _aARTS
_cARTS
_beng
041 _2eng
_aeng
082 _aO111:g(R), M7
100 _aHawthorn J.
_913022
245 0 _aUnloking the text
_b Fundamentals issues in literary theory
260 _aLondon
_bEdward Arnold UK
_c1987
300 _a138p.
_ccm.
650 _aENGLISH LITERATURE
942 _hO111:g(R), M7
_cTEXL
_2CC
999 _c119469
_d119469